| 000 | 00388nam a2200133Ia 4500 | ||
|---|---|---|---|
| 008 | 220217s9999||||xx |||||||||||||| ||und|| | ||
| 020 | _a978-81-261-3345-1 | ||
| 082 | _a410 SCA | ||
| 100 |
_aScaringi, Carlo Papini _95595 |
||
| 245 | 0 | _aIssues english learning and study abroad | |
| 260 |
_aAnmol publication PVT. LTD. _bNew Delhi _c2007 |
||
| 300 | _b450 | ||
| 650 | _aGENERAL BOOKS | ||
| 999 |
_c176623 _d176623 |
||